| 000 | 00630nam a2200229Ia 4500 | ||
|---|---|---|---|
| 003 | OSt | ||
| 005 | 20220925204858.0 | ||
| 006 | a|||||r|||| 00| 0 | ||
| 007 | ta | ||
| 008 | 220923b |||||||| |||| 00| 0 eng d | ||
| 037 | _cGeneral Book | ||
| 040 |
_aRTL _cRTL _beng |
||
| 041 |
_2eng _aeng |
||
| 082 | _aY:3860j1, L2 | ||
| 100 |
_aEfron David _9269191 |
||
| 245 | 0 | _aGesture, race and culture | |
| 260 |
_aHague _bMouton _c1972 |
||
| 300 |
_a226p _ccm. |
||
| 490 | _aApproaches to semiotics. Ed by Thomas A Sebeok.9 | ||
| 942 |
_hY:3860j1, L2 _cGB _2CC |
||
| 999 |
_c550659 _d550659 |
||